Представление документа в формате MARC21

Поле Инд. ПП Название Значение
Тип записи a
Библиографический уровень m
001 Контрольный номер RU/LIBMSTU/415802368
005 Дата корректировки 20160317125615.4
008 Кодируемые данные 130319|||||||||ru |||||||||||000|||rus||
020 a ISBN 978-5-4222-0143-3
040 b Код языка каталог. rus
041 0_ a Код языка текста rus
084 a Индекс другой классификации/Индекс ББК 63.3(2Рос-4Мур)+63.5+71
090 a Полочн. индекс 63.3(2Рос-4Мур)
x Авторский знак Я 41
245 10 a Заглавие Язык и культура малочисленных народов Севера: история и перспективы
b Продолж. заглавия учеб. пособие для вузов
c Ответственность М-во образования и науки Рос. Федерации, Мурман. гос. гуманитар. ун-т ; [авт.-сост. О. Н. Иванищева, В. Б. Бакула]
260 a Место издания Мурманск
b Издательство Изд-во МГГУ
c Дата издания 2012
300 a Объем 83, [10] c.
650 04 a Основная рубрика Краеведение-Кольский Север-Учебные издания для высших учебных заведений
651 _4 a Географическое наименование Кольский Север
653 0_ a Ключевые слова История Мурманска; Коренные народы Севера; Краеведение; Культура Кольского Севера; Культура саамская; Культурный ландшафт Кольского Севера; Малочисленные народы Севера; Поморская культура; Поморы; Саамы; Саамская литература; Саамский язык
700 12 a Другие авторы Иванищева О. Н.
e Роль лиц авт.-сост.
700 1_ a Другие авторы Бакула В. Б.
e Роль лиц авт.-сост.
901 t Тип документа m
952 b Гриф литературы для ВШ Рекомендовано УМС МГГУ
c Вид литературы учебное пособие